Obce okresu Šumperk - Statistics

General Stats
  • This quiz has been taken 39 times
  • The average score is 28 of 78
Answer Stats
Počet obyvatel Odpověď % Correct
24 735 Šumperk
100%
13 320 Zábřeh
100%
9 782 Mohelnice
94%
2 996 Bludov
89%
2 889 Hanušovice
89%
2 962 Postřelmov
83%
1 905 Štíty
83%
2 511 Velké Losiny
83%
353 Mírov
67%
3 647 Nový Malín
67%
1 237 Petrov nad Desnou
67%
3 254 Libina
61%
3 316 Rapotín
61%
1 141 Sobotín
61%
1 678 Staré Město
61%
284 Branná
56%
3 052 Loštice
56%
1 435 Loučná nad Desnou
56%
2 289 Vikýřovice
56%
435 Hoštejn
50%
1 026 Olšany
50%
2 549 Ruda nad Moravou
50%
1 379 Moravičany
44%
1 164 Úsov
44%
1 091 Jindřichov
39%
1 244 Leština
39%
876 Lukavice
39%
1 305 Oskava
39%
300 Postřelmůvek
39%
627 Brníčko
33%
1 421 Dolní Studénky
33%
1 121 Dubicko
33%
681 Jestřebí
33%
629 Lesnice
33%
569 Rájec
33%
405 Svébohov
33%
379 Bušín
28%
199 Hynčina
28%
658 Jedlí
28%
286 Kopřivná
28%
321 Kosov
28%
610 Rohle
28%
399 Třeština
28%
199 Vernířovice
28%
849 Zvole
28%
1 258 Bohdíkov
22%
630 Bratrušov
22%
554 Chromeč
22%
626 Klopina
22%
509 Malá Morava
22%
442 Maletín
22%
679 Nemile
22%
1 182 Sudkov
22%
498 Bohuslavice
17%
463 Dlouhomilov
17%
355 Drozdov
17%
346 Horní Studénky
17%
207 Hraběšice
17%
862 Hrabišín
17%
707 Hrabová
17%
709 Kolšov
17%
170 Krchleby
17%
711 Písařov
17%
232 Police
17%
38 Šléglov
17%
71 Vikantice
17%
277 Vyšehoří
17%
775 Bohutín
11%
210 Jakubovice
11%
53 Janoušov
11%
485 Kamenná
11%
344 Palonín
11%
139 Stavenice
11%
248 Zborov
11%
425 Líšnice
6%
669 Pavlov
6%
170 Rejchartice
6%
823 Rovensko
6%
No matching quizzes found
Score Distribution
Percent of People with Each Score
Percentile by Number Answered
Your Score History
You have not taken this quiz